| 000 | 00748nam a2200241 a 4500 | ||
|---|---|---|---|
| 999 |
_c11583 _d11583 |
||
| 001 | 11583 | ||
| 003 | BD-JhCC | ||
| 005 | 20221025134022.0 | ||
| 008 | 200328s20192020bg a|||| ||a| 000 0 ben d | ||
| 020 | _a9789848072172 | ||
| 035 | _a(BD-JhCC)11583 | ||
| 040 |
_aBD-JhCC _dBD-JhCC |
||
| 041 | _aben | ||
| 082 |
_bSAD 2020 _a158 |
||
| 100 | _aসাদিক, আয়মান | ||
| 245 |
_aস্টুডেন্ট হ্যাকস / _cআয়মান সাদিক , সাদমান সাদিক । |
||
| 260 |
_aঢাকা: _bঅধ্যয়ন; _c২০২০. |
||
| 300 |
_a144 p . : _bill; _c22 cm |
||
| 650 | _asuccess | ||
| 700 | _aসাদিক, সাদমান | ||
| 942 |
_2ddc _cBK _08 |
||